000
00278nam a2200121Ia 4500
008
191201s2014 xx 000 0 und d
100
_a
DIETER, George E
245
0
_a
Mechanical Metallurgy
250
_a
IMP
260
_c
2014
_b
TMH
_a
NEW DELHI
300
_a
751
942
_2
ddc
_c
BK
999
_c
8134
_d
8134